000 00820nam a2200217Ia 4500
005 20240530110952.0
008 140319s2004 xx 000 0 ara d
040 _aGCL /
_cGCL
082 0 4 _a408.2 /
_bش ت
100 1 _aشوقى جلال
245 1 0 _aالترجمة فى العالم العربى الواقع والتحدى فى ضوء مقارنة احصائية واضحة الدلالة /
_cشوقى جلال
250 _aالاولى
260 _aالقاهرة :
_bالمجلس الاعلى للثقافة،
_c2004
300 _a185 ص؛
_c20 سم
650 0 4 _aالعالم العربى
650 0 4 _aالترجمة العربية
650 0 4 _aالمترجم العربى
650 0 4 _aالترجمة العلمية
942 _2ddc
_cBK
999 _c67020
_d67020